អាស៊ានអច្ឆរិយ / (Record no. 1692)

MARC details
000 -LEADER
fixed length control field 02337nam a22003017a 4500
001 - CONTROL NUMBER
control field 1692
003 - CONTROL NUMBER IDENTIFIER
control field FISKH
005 - DATE AND TIME OF LATEST TRANSACTION
control field 20230915113952.0
008 - FIXED-LENGTH DATA ELEMENTS--GENERAL INFORMATION
fixed length control field 230915b cb ||||| |||| 00| 0 khr d
020 ## - INTERNATIONAL STANDARD BOOK NUMBER
International Standard Book Number 9789924340539
040 ## - CATALOGING SOURCE
Original cataloging agency FISKH
Language of cataloging eng
Transcribing agency FISKH
Modifying agency FISKH
082 ## - DEWEY DECIMAL CLASSIFICATION NUMBER
Classification number 915.9
100 ## - MAIN ENTRY--PERSONAL NAME
Personal name Mahbubani, Kishore
245 ## - TITLE STATEMENT
Title អាស៊ានអច្ឆរិយ /
Remainder of title កាតាលីករដើម្បីសន្ដិភាព :
Statement of responsibility, etc. Kishore Mahbubani និង Jeffery Sng
250 ## - EDITION STATEMENT
Edition statement បោះពុម្ពលើកទី ២ ខែមករា ឆ្នាំ ២០២១
260 ## - PUBLICATION, DISTRIBUTION, ETC.
Place of publication, distribution, etc. Phnom Penh :
Name of publisher, distributor, etc. Sipar,
Date of publication, distribution, etc. 2017.
300 ## - PHYSICAL DESCRIPTION
Extent 281 pages :
Other physical details color illustrations ;
Dimensions 23 cm
500 ## - GENERAL NOTE
General note footnotes and bibliography are in English
505 ## - FORMATTED CONTENTS NOTE
Formatted contents note Z'<br/>
520 ## - SUMMARY, ETC.
Summary, etc. នៅក្នុងយុគសម័យនៃការកើនឡើងខាងទិដ្ឋិនិយម វប្បធម៍ បុគ្គលដែលមានការគិតគូរ វែងឆ្ងាយជាច្រើននាក់ ជឿថាអរ្យធម៍ផ្សេងគ្នា ជាពិសេសឥស្លាម និងបស្ចឹមលោកមិនអាចរស់នៅជាមួយគ្នាក្នុងសន្ដិភាពបានទេ។ ប្រទេសទាំង ១០ នៃអាស៊ានផ្ដល់ឧទាហរណ៍នៃសហវត្តមានអារ្យធម៍។ នៅទីនេះ មនុស្ស៦២៥លាននាក់រស់នៅជមួយគ្នាក្នុងសន្ដិភាព។ អច្ឆរិយនេះកើតឡើងបានដោយសារ អាស៊ាន។
520 ## - SUMMARY, ETC.
Summary, etc. In an age of growing cultural pessimism, many far-sighted individuals believe that different civilizations, especially Islam and the West, cannot coexist in peace.
521 8# - TARGET AUDIENCE NOTE
Target audience note 920<br/>
Source Lexile estimate<br/>
521 8# - TARGET AUDIENCE NOTE
Target audience note Z'<br/>
Source Raz-Plus<br/>
650 ## - SUBJECT ADDED ENTRY--TOPICAL TERM
Topical term or geographic name entry element ការគ្រប់គ្រងជម្លោះ
Form subdivision អាស៊ីអាគ្នេយ៏
General subdivision ទំនាក់ទំនងជាតិសាសន៍
Chronological subdivision ទិដ្ឋភាពនយោបាយ
650 ## - SUBJECT ADDED ENTRY--TOPICAL TERM
Topical term or geographic name entry element Conflict management
Form subdivision Southeast Asia
General subdivision Ethnic relations
Chronological subdivision Political aspects
700 ## - ADDED ENTRY--PERSONAL NAME
Personal name Sng, Jeffery
Relator term Author
942 ## - ADDED ENTRY ELEMENTS (KOHA)
Source of classification or shelving scheme Dewey Decimal Classification
Koha item type Khmer Books
Suppress in OPAC No
Holdings
Withdrawn status Lost status Source of classification or shelving scheme Damaged status Not for loan Collection Home library Current library Shelving location Date acquired Total Checkouts Full call number Barcode Date last seen Copy number Price effective from Koha item type
    Dewey Decimal Classification     Khmer Language Books / សៀវភៅភាសាខ្មែរ Footprints International School Library Network Toul Kork Campus Footprints International School Library Network Toul Kork Campus TK Campus, Room B402, Khmer Book Case 16, Shelves 112-123 / ទូរសៀវភៅខ្មែរលេខ ១៦​ ធ្នើរ ១១២ ដល់ ១២៣ បន្ទប់ B402 សាខាទួលគោក 09/15/2023   MAH 915.9 2023-0620 09/15/2023 2 09/15/2023 Khmer Books
    Dewey Decimal Classification     Khmer Language Books / សៀវភៅភាសាខ្មែរ Footprints International School Library Network Toul Tom Poung Campus Footprints International School Library Network Toul Tom Poung Campus TTP Secondary Khmer Bookshelves 09/15/2023   MAH 915.9 2023-0619 09/15/2023 1 09/15/2023 Khmer Books